000 00667nam a22001937a 4500
999 _c191241
_d191241
005 20220823152405.0
010 _aENG-134549
020 _a9789380009957
_c140.00
035 _aEN-118081
037 _bDBAD/PUB
082 _aS
245 _aThe Yellow Fairy
_bThe Witch and her servants and other stories
_ced. by Andrew Lang, illust by Sharwan kumar
260 _aNew Delhi
_bMind Melodies
_c2010
270 _aA-18, Mohan Garden Near Nawada Metro Station
_bNew Delhi
_e110059-06
_k01125371324
_l+91-11-25371323
_minfo@mindmelodies.com
300 _a202p.
_billustrated
_c22cm(hb)
700 _aLang Andrew
700 _aSharwan Kumar
942 _2ddc
_cEN
_hS
_mYEL